| 000 | 00550nam a2200181 i 4500 | ||
|---|---|---|---|
| 001 | 102644 | ||
| 003 | ES-MaACL | ||
| 005 | 20230906183142.0 | ||
| 007 | t| | ||
| 008 | 051124s1949 pr ||||1| spa d | ||
| 080 | _a32(73)"1945-" | ||
| 100 | 0 |
_aPagán, Bolívar. _988247 |
|
| 245 | 1 | 0 |
_aCrónicas de Washington / _cBolívar Pagán. |
| 260 |
_aSan Juan, Puerto Rico : _bBiblioteca de Autores Puertorriqueños, _c1949. |
||
| 300 |
_a293 p. ; _c18 cm. |
||
| 651 | 4 |
_aEstados Unidos- _xHistoria- _y1945- _98545 |
|
| 852 |
_aES-MaACL _jE-11167 _bR.136861 |
||
| 999 |
_c102644 _d102644 |
||